[Event "Rated Blitz game"]
[Site "?"]
[Date "2021.02.26"]
[Round "?"]
[White "VladislavKrasikov_FM"]
[Black "KamranShirazi"]
[Result "1-0"]
[WhiteElo "2588"]
[BlackElo "2548"]
[PlyCount "51"]
[EventDate "2021.??.??"]
[EventType "blitz"]

1. e4 e5 2. Nf3 d5 3. exd5 e4 4. Qe2 f5 5. d3 Nf6 6. Nbd2 Bb4 7. c3 O-O 8. dxe4
fxe4 9. cxb4 exf3 10. Nxf3 Nxd5 11. Qc2 Qe7+ 12. Be2 Nxb4 13. Qc4+ Be6 14. Qe4
Qd6 15. O-O N8c6 16. Be3 Bd5 17. Qh4 h6 18. Rfd1 Qe6 19. Rd2 Rad8 20. Rad1 Nxa2
21. Rxd5 Rxd5 22. Rxd5 Nab4 23. Rd1 Kh8 24. Bc4 Qg6 25. Be2 Nc2 26. Bc5 {
Time forfeit} 1-0

[Event "Rated Blitz game"]
[Site "?"]
[Date "2021.02.26"]
[Round "?"]
[White "Sergey_2021"]
[Black "GrandeGila"]
[Result "0-1"]
[WhiteElo "2349"]
[BlackElo "2408"]
[PlyCount "68"]
[EventDate "2021.??.??"]
[EventType "blitz"]

1. e4 e5 2. Nf3 d5 3. d4 dxe4 4. Nxe5 Bd6 5. Nc4 Nc6 6. Nxd6+ Qxd6 7. Be3 f5 8.
g3 Nf6 9. Nc3 Be6 10. Bg2 Rd8 11. Bf4 Qxd4 12. Bxc7 Rc8 13. Bf4 O-O 14. O-O Qb4
15. Bd6 Qxb2 16. Bxf8 Rxf8 17. Ne2 Rd8 18. Qc1 Qe5 19. Rd1 Nd5 20. c4 Ndb4 21.
Rxd8+ Nxd8 22. Nf4 Bf7 23. a3 Nbc6 24. Rb1 b6 25. Rb5 Qd4 26. Bf1 Ne5 27. Ne2
Nf3+ 28. Kg2 Qd7 29. Qf4 g6 30. Nc3 Ne6 31. Qc1 Ned4 32. Rb2 Qe7 33. Nd5 Qxa3
34. Qh6 Bxd5 {Normal} 0-1

[Event "Rated Blitz game"]
[Site "?"]
[Date "2021.02.26"]
[Round "?"]
[White "LEV2310"]
[Black "KamranShirazi"]
[Result "1-0"]
[WhiteElo "2466"]
[BlackElo "2526"]
[PlyCount "85"]
[EventDate "2021.??.??"]
[EventType "blitz"]

1. e4 e5 2. Nf3 d5 3. exd5 e4 4. Nd4 Qxd5 5. Nb3 Bd6 6. Nc3 Qe5 7. Be2 Bf5 8.
d4 exd3 9. cxd3 Nc6 10. Be3 O-O-O 11. Qd2 Nf6 12. d4 Qe7 13. h3 Ne4 14. Nxe4
Bxe4 15. O-O Qh4 16. Bg5 Qxg5 17. Qxg5 h6 18. Qd2 f5 19. a3 Bd5 20. Nc1 g5 21.
b4 g4 22. hxg4 fxg4 23. b5 Ne7 24. Nd3 Rdg8 25. Ne5 Nf5 26. Bxg4 Rxg4 27. Nxg4
Nh4 28. f3 h5 29. Nf6 Be6 30. Qg5 Nf5 31. Rfe1 Nxd4 32. Rad1 Nxf3+ 33. gxf3 Bb3
34. Qxh5 Rd8 35. Re8 c5 36. Qf5+ Kc7 37. Rxd8 Bxd1 38. Qd7+ Kb6 39. Qxd6+ Ka5
40. Qxd1 b6 41. Ne4 c4 42. Nc3 a6 43. Qa4# {Normal} 1-0

[Event "Rated Blitz game"]
[Site "?"]
[Date "2021.02.26"]
[Round "?"]
[White "Pizza_Tempesta"]
[Black "GrandeGila"]
[Result "0-1"]
[WhiteElo "2321"]
[BlackElo "2432"]
[PlyCount "54"]
[EventDate "2021.??.??"]
[EventType "blitz"]

1. e4 e5 2. Nf3 d5 3. Nxe5 Bd6 4. d4 dxe4 5. Bf4 Nc6 6. Nxc6 bxc6 7. Be3 f5 8.
g3 Nf6 9. Nc3 O-O 10. Qd2 Qe7 11. O-O-O a5 12. Bc4+ Be6 13. Bxe6+ Qxe6 14. h4
Bb4 15. a3 Bxc3 16. Qxc3 Nd5 17. Qc4 Rfe8 18. h5 h6 19. Rh4 Kh7 20. Rg1 Rab8
21. g4 f4 22. Bd2 e3 23. Qd3+ Kh8 24. fxe3 fxe3 25. Be1 Nf4 26. Qf5 Ne2+ 27.
Kd1 Nxg1 {Normal} 0-1

[Event "Rated Blitz game"]
[Site "?"]
[Date "2021.02.26"]
[Round "?"]
[White "BulgarenSchach"]
[Black "KamranShirazi"]
[Result "1-0"]
[WhiteElo "2526"]
[BlackElo "2515"]
[PlyCount "47"]
[EventDate "2021.??.??"]
[EventType "blitz"]

1. e4 e5 2. Nf3 d5 3. exd5 e4 4. Qe2 f5 5. d3 Nf6 6. Nc3 Bb4 7. Bd2 O-O 8. dxe4
fxe4 9. Ng5 Bxc3 10. Bxc3 Nxd5 11. Qh5 h6 12. Nxe4 Bf5 13. Bc4 Bxe4 14. Qe5 Rf7
15. Qxe4 c6 16. O-O-O Nd7 17. Bxd5 cxd5 18. Rxd5 Qc7 19. Rhd1 Nf6 20. Bxf6 Rxf6
21. Rd7 Qxh2 22. Qxb7 Qf4+ 23. Kb1 Re8 24. Rxg7+ {Time forfeit} 1-0

[Event "Rated Blitz game"]
[Site "?"]
[Date "2021.02.26"]
[Round "?"]
[White "keepyourcool"]
[Black "DarthZannah"]
[Result "0-1"]
[WhiteElo "2439"]
[BlackElo "2515"]
[PlyCount "46"]
[EventDate "2021.??.??"]
[EventType "blitz"]

1. e4 e5 2. Nf3 d5 3. exd5 e4 4. Qe2 Nf6 5. Nc3 Be7 6. Nxe4 O-O 7. d3 Qxd5 8.
g3 Nc6 9. Bg2 Bg4 10. O-O Nd4 11. Nxd4 Bxe2 12. Nxf6+ Bxf6 13. Bxd5 Bxf1 14.
Nb3 Bh3 15. Bxb7 Rae8 16. Be4 Be5 17. Be3 Bxb2 18. Rb1 Ba3 19. Bxa7 f5 20. Bf3
Rf6 21. Be3 h6 22. Nd4 Bc5 23. Rb7 Bxd4 {Normal} 0-1

[Event "Rated Blitz game"]
[Site "?"]
[Date "2021.02.26"]
[Round "?"]
[White "wallywally"]
[Black "KamranShirazi"]
[Result "1-0"]
[WhiteElo "2659"]
[BlackElo "2530"]
[PlyCount "77"]
[EventDate "2021.??.??"]
[EventType "blitz"]

1. e4 e5 2. Nf3 d5 3. exd5 e4 4. Ne5 Qxd5 5. d4 exd3 6. Nxd3 Bd6 7. Nc3 Qf5 8.
Be3 Nc6 9. Qd2 Be6 10. O-O-O O-O-O 11. h3 Nf6 12. g4 Qa5 13. Bg2 Bxa2 14. g5
Bb4 15. gxf6 Bc4 16. Kb1 Ne5 17. Nxe5 Rxd2 18. Nxc4 Rxd1+ 19. Rxd1 Qa6 20. fxg7
Rg8 21. Nd5 Rxg7 22. Bf1 Qa4 23. b3 Qe8 24. Nxb4 Rg1 25. Be2 Rxd1+ 26. Bxd1 Qd7
27. Bg4 f5 28. Bf3 a5 29. Nxa5 h5 30. Bxb7+ Kd8 31. Bf3 f4 32. Nac6+ Kc8 33.
Bxf4 Qxh3 34. Bd5 Qf1+ 35. Kb2 Qxf2 36. Be5 h4 37. Be6+ Kb7 38. Na5+ Kb6 39.
Nbc6 {Time forfeit} 1-0

[Event "Rated Blitz game"]
[Site "?"]
[Date "2021.02.26"]
[Round "?"]
[White "HeCtOr001"]
[Black "annaly1979"]
[Result "1-0"]
[WhiteElo "2401"]
[BlackElo "2369"]
[PlyCount "97"]
[EventDate "2021.??.??"]
[EventType "blitz"]

1. e4 e5 2. Nf3 d5 3. exd5 e4 4. Qe2 f5 5. d3 Nf6 6. dxe4 fxe4 7. Nc3 Bb4 8.
Bd2 Bxc3 9. Bxc3 O-O 10. Ne5 Nbd7 11. O-O-O Qe8 12. Nxd7 Bxd7 13. Qc4 b5 14.
Qd4 a5 15. Be2 b4 16. Bd2 Qg6 17. Be3 a4 18. h3 b3 19. cxb3 axb3 20. a3 Ra4 21.
Qc3 Kh8 22. g4 Qf7 23. Qc5 Rb8 24. Kb1 Qe8 25. Rc1 Bb5 26. Bxb5 Rxb5 27. Qxc7
Nxd5 28. Qc8 Rb8 29. Qxe8+ Rxe8 30. Rhe1 h6 31. Rcd1 Nf6 32. Bd4 Re6 33. Bc3
Kh7 34. Re3 Kg6 35. Bxf6 Rxf6 36. Rd2 Rf3 37. Rxf3 exf3 38. Rd3 Kg5 39. Rxf3
Kh4 40. Rxb3 Rf4 41. Ka2 Rxf2 42. a4 Rf4 43. Ka3 Rf1 44. a5 Ra1+ 45. Kb4 g6 46.
Kb5 Kg5 47. a6 Kf6 48. Kb6 Ke7 49. Kb7 {Normal} 1-0

[Event "Rated Blitz tournament mXpV5TFI"]
[Site "?"]
[Date "2021.02.26"]
[Round "?"]
[White "fireanigirl"]
[Black "Mewii2021"]
[Result "0-1"]
[WhiteElo "2675"]
[BlackElo "2312"]
[PlyCount "82"]
[EventDate "2021.??.??"]
[EventType "blitz"]

1. e4 e5 2. Nf3 d5 3. exd5 e4 4. Qe2 Be7 5. Qxe4 Nf6 6. Qh4 Nxd5 7. Qg3 O-O 8.
Bc4 Nf6 9. O-O Nc6 10. d3 Nh5 11. Qg5 Bxg5 12. Bxg5 Qd6 13. Nc3 Nf6 14. Nb5 Qd8
15. Bf4 Ne8 16. Rfe1 Nd6 17. Nxd6 cxd6 18. Bb3 d5 19. h3 Be6 20. Ng5 Re8 21.
Re3 Nd4 22. Rae1 Nxb3 23. axb3 Rc8 24. c3 Qb6 25. Rg3 Qxb3 26. Be5 g6 27. Rf3
Qxb2 28. Rf4 Qd2 29. Re3 Rxc3 30. Nxh7 Rc1+ 31. Kh2 f5 32. Ng5 Bf7 33. Bd4 Rxe3
34. Rh4 Kf8 35. Bxe3 Qd1 36. Rh8+ Ke7 37. Rh7 Kf6 38. Rxf7+ Ke5 39. Rd7 f4 40.
Re7+ Kf6 41. Re6+ Kxg5 {Normal} 0-1

[Event "Rated Blitz game"]
[Site "?"]
[Date "2021.02.26"]
[Round "?"]
[White "RH1990"]
[Black "batasjon"]
[Result "0-1"]
[WhiteElo "2458"]
[BlackElo "2297"]
[PlyCount "128"]
[EventDate "2021.??.??"]
[EventType "blitz"]

1. e4 e5 2. Nf3 d5 3. exd5 e4 4. Qe2 Nf6 5. Nc3 Be7 6. d3 exf3 7. Qxf3 Bg4 8.
Qg3 Bd6 9. Bf4 Bxf4 10. Qxf4 Qd6 11. Qa4+ Bd7 12. Qb3 Qb6 13. O-O-O Qxb3 14.
axb3 O-O 15. Be2 Rd8 16. Bf3 Kf8 17. h3 a6 18. g4 Be8 19. g5 Ng8 20. Rhe1 Nd7
21. b4 Nb6 22. Re2 Ne7 23. Rde1 Nexd5 24. Nxd5 Nxd5 25. Rxe8+ Rxe8 26. Rxe8+
Rxe8 27. Bxd5 c6 28. Be4 h6 29. gxh6 gxh6 30. Kd2 Ke7 31. c4 Rg8 32. Kc3 Kd6
33. b3 Rg1 34. Kd4 f6 35. Bf5 Rb1 36. Kc3 Rf1 37. Bc8 Kc7 38. Be6 Rxf2 39. d4
f5 40. d5 cxd5 41. cxd5 Kd6 42. Kd4 Rf4+ 43. Ke3 Re4+ 44. Kd3 Ke5 45. Bc8 Rxb4
46. Kc3 a5 47. d6 Kxd6 48. Bxf5 Ke5 49. Bc8 Rh4 50. Kd3 Rd4+ 51. Kc3 b5 52. Ba6
b4+ 53. Kc2 Rh4 54. Bc8 Kd4 55. Kd2 Rf4 56. Be6 Rf2+ 57. Kd1 Kc3 58. Ke1 Rb2
59. Kd1 Rxb3 60. h4 Rb2 61. Kc1 a4 62. h5 a3 63. Kd1 b3 64. Kc1 a2 {Normal} 0-1

[Event "Rated Blitz game"]
[Site "?"]
[Date "2021.02.26"]
[Round "?"]
[White "TeamChessbuddies"]
[Black "GrandeGila"]
[Result "1-0"]
[WhiteElo "2501"]
[BlackElo "2459"]
[PlyCount "79"]
[EventDate "2021.??.??"]
[EventType "blitz"]

1. e4 e5 2. Nf3 d5 3. Nxe5 Bd6 4. d4 dxe4 5. Nc4 Nc6 6. Be2 Nxd4 7. Nxd6+ Qxd6
8. Nc3 Nf6 9. O-O O-O 10. Bg5 Bf5 11. Qd2 h6 12. Bf4 Nxe2+ 13. Nxe2 Qxd2 14.
Bxd2 Rad8 15. Rad1 Nd5 16. Ng3 Bg6 17. c4 Nb6 18. b3 f5 19. Bf4 c6 20. h4 Nd7
21. Bc7 f4 22. Bxd8 Rxd8 23. Ne2 f3 24. Nf4 Bf5 25. gxf3 exf3 26. Rfe1 Rf8 27.
Kh2 Nc5 28. Rd4 g5 29. hxg5 hxg5 30. Nh5 b6 31. Rd6 Ne4 32. Rxe4 Bxe4 33. Nf6+
Kf7 34. Nxe4 Rc8 35. Nxg5+ Ke7 36. Rh6 Rg8 37. Nxf3 a5 38. Rxc6 Rh8+ 39. Kg3
Rh6 40. Rxh6 {Normal} 1-0

[Event "Rated Blitz game"]
[Site "?"]
[Date "2021.02.26"]
[Round "?"]
[White "Devrooo"]
[Black "Schachelite"]
[Result "0-1"]
[WhiteElo "2346"]
[BlackElo "2437"]
[PlyCount "22"]
[EventDate "2021.??.??"]
[EventType "blitz"]

1. e4 e5 2. Nf3 d5 3. exd5 e4 4. Qe2 Nf6 5. Nc3 Be7 6. Nxe4 O-O 7. d3 Re8 8.
Bd2 Nxd5 9. O-O-O f5 10. Nc3 Nxc3 11. Bxc3 Bg5+ {Normal} 0-1

[Event "Rated Blitz game"]
[Site "?"]
[Date "2021.02.26"]
[Round "?"]
[White "RandomPatzer01"]
[Black "KamranShirazi"]
[Result "0-1"]
[WhiteElo "2349"]
[BlackElo "2537"]
[PlyCount "54"]
[EventDate "2021.??.??"]
[EventType "blitz"]

1. e4 e5 2. Nf3 d5 3. Nxe5 Bd6 4. d4 dxe4 5. Nc4 Nc6 6. Nxd6+ Qxd6 7. Be3 f5 8.
g3 Qb4+ 9. Nd2 Qxb2 10. Bc4 Nxd4 11. O-O Nxc2 12. Bxg8 Nxe3 13. fxe3 Rxg8 14.
Qh5+ g6 15. Qxh7 Qg7 16. Qh4 Bd7 17. Rac1 Bc6 18. Rxc6 bxc6 19. Rc1 Qe7 20. Qf4
O-O-O 21. Nc4 Rd5 22. a4 g5 23. Qf2 Qc5 24. Qb2 Rgd8 25. a5 Rd1+ 26. Kf2 Rxc1
27. Qxc1 f4 {Normal} 0-1

[Event "Rated Blitz game"]
[Site "?"]
[Date "2021.02.26"]
[Round "?"]
[White "limosity"]
[Black "Schachelite"]
[Result "1-0"]
[WhiteElo "2383"]
[BlackElo "2451"]
[PlyCount "105"]
[EventDate "2021.??.??"]
[EventType "blitz"]

1. e4 e5 2. Nf3 d5 3. Nxe5 Bd6 4. d4 dxe4 5. Nc3 Nf6 6. Bg5 O-O 7. Bxf6 gxf6 8.
Nc4 f5 9. Nxd6 Qxd6 10. Qd2 Nc6 11. O-O-O Rd8 12. d5 Ne5 13. h4 Bd7 14. Qg5+
Qg6 15. Be2 a6 16. Qf4 Qf6 17. Rh3 Ng6 18. Qg5 Qxg5+ 19. hxg5 Nf4 20. Rh2 Kg7
21. Rdh1 Rh8 22. g3 Ng6 23. Kd2 Rad8 24. Ke3 c5 25. dxc6 Bxc6 26. Bc4 Ne5 27.
Be2 Ng6 28. Bh5 Rd7 29. Bxg6 fxg6 30. Ne2 Bd5 31. b3 Bf7 32. Nf4 Rd6 33. Rh6
Rd7 34. c4 Rd6 35. Nh5+ Kf8 36. Nf6 Rxf6 37. gxf6 Bg8 38. Rxg6 Kf7 39. Rg7+
Kxf6 40. Rxb7 h5 41. Kf4 Be6 42. Rb6 Rg8 43. Rxh5 Rg4+ 44. Ke3 f4+ 45. gxf4 Rg1
46. Rh6+ Kf7 47. Rbxe6 Re1+ 48. Kd2 Rf1 49. Rxa6 Kg7 50. Rhb6 Rxf2+ 51. Ke3 Rb2
52. Rb7+ Kf8 53. Ra8# {Normal} 1-0

[Event "Rated Blitz game"]
[Site "?"]
[Date "2021.02.26"]
[Round "?"]
[White "ramza39"]
[Black "Schachelite"]
[Result "1-0"]
[WhiteElo "2382"]
[BlackElo "2453"]
[PlyCount "143"]
[EventDate "2021.??.??"]
[EventType "blitz"]

1. e4 e5 2. Nf3 d5 3. Nxe5 Bd6 4. d4 dxe4 5. Be2 Bxe5 6. dxe5 Qxd1+ 7. Bxd1 Nc6
8. Bf4 Nge7 9. Nc3 Ng6 10. Bg3 Ngxe5 11. Nxe4 Bf5 12. Nc5 O-O-O 13. O-O Rhe8
14. h3 Nd4 15. c3 Ndc6 16. Bb3 f6 17. Rad1 b6 18. Rxd8+ Kxd8 19. Rd1+ Kc8 20.
Na4 Be6 21. Bxe6+ Rxe6 22. b3 Nf7 23. Kf1 Ng5 24. f3 Nf7 25. Nb2 Re3 26. Rd3
Rxd3 27. Nxd3 Kd7 28. Ke2 Ne7 29. Nb4 c6 30. c4 a5 31. Nc2 c5 32. Ne3 Nd6 33.
Kd3 Ndf5 34. Bf2 Nxe3 35. Bxe3 Ng6 36. Ke4 Ke6 37. g4 Ne7 38. Bf4 g6 39. Bc7
Nc8 40. h4 Kd7 41. Bb8 Ke6 42. h5 Nd6+ 43. Kf4 g5+ 44. Ke3 Ne8 45. Ke4 Nd6+ 46.
Bxd6 Kxd6 47. Kf5 Ke7 48. f4 gxf4 49. Kxf4 Ke6 50. Ke4 h6 51. a3 Ke7 52. Kf5
Kf7 53. Kf4 Ke6 54. Ke4 Ke7 55. Kd5 Kd7 56. a4 Ke7 57. Kc6 Ke6 58. Kxb6 Ke5 59.
Kxc5 f5 60. Kb5 f4 61. c5 f3 62. c6 f2 63. c7 f1=Q+ 64. Kb6 Qf8 65. Kb7 Qe7 66.
Kb8 Qd6 67. Kb7 Qd7 68. Kb8 Qd6 69. Kb7 Qxc7+ 70. Kxc7 Kd5 71. Kb6 Kd4 72. Kxa5
{Time forfeit} 1-0

[Event "Rated Blitz game"]
[Site "?"]
[Date "2021.02.26"]
[Round "?"]
[White "eindbaard"]
[Black "GrandeGila"]
[Result "1-0"]
[WhiteElo "2243"]
[BlackElo "2411"]
[PlyCount "91"]
[EventDate "2021.??.??"]
[EventType "blitz"]

1. e4 e5 2. Nf3 d5 3. Nxe5 Bd6 4. d4 dxe4 5. Nc4 Nc6 6. Nxd6+ Qxd6 7. Be3 f5 8.
Qd2 Nf6 9. c3 Be6 10. Bb5 O-O 11. Na3 a6 12. Nc4 Qe7 13. Bxc6 Bxc4 14. Bxb7
Rab8 15. Bc6 Qd6 16. Ba4 a5 17. Bd1 Nd5 18. b3 Bd3 19. c4 f4 20. cxd5 fxe3 21.
Qxe3 Qb4+ 22. Qd2 Qxd4 23. Rc1 Qxd5 24. Be2 Rbe8 25. O-O c5 26. Rfe1 Qd4 27. h3
Qxf2+ 28. Kh1 Rd8 29. Qxa5 Bxe2 30. Rc2 Ra8 31. Qc3 Qd4 32. Rexe2 Rf1+ 33. Kh2
Qg1+ 34. Kg3 Raf8 35. Rxe4 R1f2 36. Rxf2 Qxf2+ 37. Kh2 h5 38. Qc4+ Kh7 39. Qd5
Rf5 40. Qd3 Kh6 41. Re6+ g6 42. Re4 Rg5 43. Qf3 Qxa2 44. Re8 h4 45. Rh8+ Kg7
46. Qf8# {Normal} 1-0

[Event "Rated Blitz game"]
[Site "?"]
[Date "2021.02.26"]
[Round "?"]
[White "hicus"]
[Black "ahoramahora"]
[Result "1-0"]
[WhiteElo "2403"]
[BlackElo "2294"]
[PlyCount "51"]
[EventDate "2021.??.??"]
[EventType "blitz"]

1. e4 e5 2. Nf3 d5 3. exd5 e4 4. Qe2 Nf6 5. d3 Qxd5 6. Nfd2 Bb4 7. c3 Be7 8.
dxe4 Qa5 9. Qb5+ Qxb5 10. Bxb5+ c6 11. Bd3 Be6 12. f3 Nbd7 13. Bc4 Nc5 14. Bxe6
Nxe6 15. Nc4 O-O-O 16. Be3 b5 17. Na5 c5 18. Nc6 Rd7 19. Nxe7+ Rxe7 20. a4 b4
21. Nd2 Rd8 22. Nc4 Kc7 23. Rd1 Red7 24. Rxd7+ Rxd7 25. Ke2 Kc6 26. Ne5+ {
Normal} 1-0

[Event "Rated Blitz game"]
[Site "?"]
[Date "2021.02.26"]
[Round "?"]
[White "Seras_Victoria"]
[Black "pasha1984"]
[Result "1-0"]
[WhiteElo "2425"]
[BlackElo "2396"]
[PlyCount "87"]
[EventDate "2021.??.??"]
[EventType "blitz"]

1. e4 e5 2. Nf3 d5 3. Bb5+ c6 4. Ba4 dxe4 5. Nxe5 Qd4 6. Nxf7 Kxf7 7. Nc3 Nf6
8. Bb3+ Be6 9. Bxe6+ Kxe6 10. O-O Bb4 11. Re1 Bxc3 12. bxc3 Qc5 13. Rb1 Nbd7
14. d4 Qxc3 15. Bf4 Nb6 16. Be5 Nbd5 17. Rxb7 Rad8 18. Rxg7 Rhg8 19. Rxg8 Rxg8
20. Qe2 Qh3 21. g3 Ng4 22. f4 exf3 23. Qxf3 Qxh2+ 24. Kf1 Nge3+ 25. Rxe3 Nxe3+
26. Qxe3 Rf8+ 27. Bf4+ Kd7 28. Qf3 Qxc2 29. Qg4+ Qf5 30. Qg7+ Rf7 31. Qh6 Re7
32. Qd6+ Ke8 33. Qb8+ Kf7 34. Qb3+ Kg6 35. Qg8+ Kh5 36. Qb3 Qe4 37. Qd1+ Kg6
38. Qg4+ Kf7 39. Qh5+ Kf8 40. Bh6+ Kg8 41. Qg5+ Kh8 42. Qd2 Kg8 43. Qg5+ Kh8
44. Qg7+ {Time forfeit} 1-0

[Event "Rated Blitz game"]
[Site "?"]
[Date "2021.02.26"]
[Round "?"]
[White "Aleator009"]
[Black "GrandeGila"]
[Result "1-0"]
[WhiteElo "2410"]
[BlackElo "2407"]
[PlyCount "43"]
[EventDate "2021.??.??"]
[EventType "blitz"]

1. e4 e5 2. Nf3 d5 3. d3 dxe4 4. dxe4 Qxd1+ 5. Kxd1 Bg4 6. Nbd2 Nc6 7. c3 O-O-O
8. Kc2 f5 9. h3 fxe4 10. hxg4 exf3 11. Nxf3 Be7 12. Bb5 e4 13. Ng5 Ne5 14. Bf4
Bxg5 15. Bxe5 Nf6 16. Rad1 Nxg4 17. Bxg7 Rxd1 18. Rxd1 Rd8 19. Bd4 Bf6 20. Be2
Ne5 21. Bxe5 Bxe5 22. Bg4+ {Normal} 1-0

[Event "Rated Blitz game"]
[Site "?"]
[Date "2021.02.26"]
[Round "?"]
[White "bazukat"]
[Black "GrandeGila"]
[Result "0-1"]
[WhiteElo "2277"]
[BlackElo "2419"]
[PlyCount "92"]
[EventDate "2021.??.??"]
[EventType "blitz"]

1. e4 e5 2. Nf3 d5 3. Nxe5 Bd6 4. d4 dxe4 5. Nc3 Bxe5 6. dxe5 Qxd1+ 7. Nxd1 Nc6
8. Bb5 Nge7 9. Nc3 Bf5 10. Bg5 Ng6 11. O-O-O h6 12. Be3 Ngxe5 13. Bc5 a6 14.
Nd5 O-O-O 15. Ba4 Rhe8 16. Rhe1 b6 17. Be3 b5 18. Bb3 Ng4 19. h3 Nxe3 20. Nxe3
Bg6 21. a4 Nd4 22. axb5 Nxb3+ 23. cxb3 axb5 24. Kc2 Kb7 25. Kc3 c6 26. b4 f5
27. g3 Bh7 28. h4 g6 29. Nc2 Bg8 30. Ne3 Be6 31. Ng2 g5 32. hxg5 hxg5 33. Ne3
f4 34. Ng2 Rxd1 35. Rxd1 Bg4 36. Re1 Bf3 37. Rg1 Bxg2 38. Rxg2 f3 39. Rg1 e3
40. fxe3 Rxe3+ 41. Kd4 Rb3 42. Ke4 g4 43. Rf1 Rxb2 44. Kf5 Rxb4 45. Rf2 Rd4 46.
Rf1 b4 {Normal} 0-1

[Event "Rated Blitz game"]
[Site "?"]
[Date "2021.02.26"]
[Round "?"]
[White "bingo95"]
[Black "KamranShirazi"]
[Result "0-1"]
[WhiteElo "2481"]
[BlackElo "2527"]
[PlyCount "80"]
[EventDate "2021.??.??"]
[EventType "blitz"]

1. e4 e5 2. Nf3 d5 3. d4 dxe4 4. Nxe5 Nd7 5. Nxd7 Bxd7 6. Bc4 Bd6 7. Nc3 Qe7 8.
O-O f5 9. Nd5 Qh4 10. g3 Qh3 11. Re1 Nf6 12. Bf1 Qg4 13. Be2 Qg6 14. Bf4 Nxd5
15. Bh5 Nxf4 16. Bxg6+ Nxg6 17. c4 c6 18. c5 Bc7 19. Qb3 O-O-O 20. Qa4 Kb8 21.
Re3 f4 22. Ra3 a6 23. Rb3 Ka7 24. Qb4 Bc8 25. Rc3 e3 26. fxe3 fxg3 27. hxg3
Bxg3 28. Qb6+ Ka8 29. b4 Rd7 30. a4 Bc7 31. b5 Bxb6 32. cxb6 Ne7 33. bxa6 bxa6
34. a5 Bb7 35. Rc5 Nd5 36. Rac1 Nxe3 37. Re5 Ng4 38. Re6 h5 39. Rc5 Rxd4 40.
Rg5 c5 {Normal} 0-1

[Event "Rated Blitz game"]
[Site "?"]
[Date "2021.02.26"]
[Round "?"]
[White "Serog1sPerog1s"]
[Black "KamranShirazi"]
[Result "1-0"]
[WhiteElo "2463"]
[BlackElo "2527"]
[PlyCount "97"]
[EventDate "2021.??.??"]
[EventType "blitz"]

1. e4 e5 2. Nf3 d5 3. Nxe5 Bd6 4. d4 dxe4 5. Bf4 Nf6 6. Bc4 O-O 7. O-O Bf5 8.
Nc3 Nc6 9. Nxc6 bxc6 10. Be5 Re8 11. Bxd6 cxd6 12. d5 c5 13. a4 Rb8 14. b3 h5
15. a5 Re5 16. a6 Qe7 17. Qd2 g6 18. Na4 Kg7 19. Nb2 e3 20. fxe3 Rxe3 21. Rae1
Ng4 22. h3 Re8 23. hxg4 Rxe1 24. gxf5 Rxf1+ 25. Bxf1 Qf6 26. Nc4 Qxf5 27. Nxd6
Qe5 28. Nb5 Rd8 29. d6 h4 30. Bc4 h3 31. gxh3 Qg3+ 32. Qg2 Qe1+ 33. Kh2 Qe5+
34. Qg3 Qf5 35. Qc3+ Kh7 36. Qe3 Qxc2+ 37. Kg3 Qf5 38. Qf4 Qd7 39. Qxf7+ Qxf7
40. Bxf7 Kg7 41. Bc4 Rd7 42. Kg4 Kf6 43. Bd5 Ke5 44. Bc6 Rh7 45. d7 Rh8 46.
Nxa7 Kd6 47. Bb5 Kc7 48. Nc8 Rh5 49. a7 {Normal} 1-0